000 00717nam a2200205 a 4500
001 000019919
005 20200929170206.0
008 100709s1983 flu r 000 p spa d
040 _aDO-SdBNP
_bspa
_cBNPHU
082 _aCu861.44
_bE774f
100 1 _aEspina-Pérez, Darío
_941983
245 1 0 _aFabulario y rimas zoológicas :
_bEspinelas /
_cDarío Espina-Pérez ; prólogo Rolando Espinosa Carballo.
260 _aMiami, Florida :
_bLitografía,
_c1983.
300 _a126 p. ;
_c21 cm.
500 _aIncluye referencia biográfica del autor en la contracubierta.
650 4 _aPoesía cubana
_95226
650 4 _aLiteratura cubana
_91483
700 1 _aEspinosa Carballo, Rolando,
_epról.
_942482
049 _aBNGR
999 _c19432
_d19432